LEADER 00898nam--2200313---450 001 990001562440203316 005 20200422095040.0 010 $a0-333-44340-3 035 $a000156244 035 $aUSA01000156244 035 $a(ALEPH)000156244USA01 035 $a000156244 100 $a20040414d1989----km-y0itay0103----ba 101 0 $aeng 102 $aGB 105 $a||||||||001yy 200 1 $aHoward Barker politics and desire$ean expository study of his Drama and poetry, 1969-87$fDavid Ian Rabey 210 $aLondon$cMacmillan$d1989 215 $a298 p.$d24 cm 606 0 $aLetteratura inglese 676 $a828.91409 700 1$aRABEY,$bDavid Ian$0560473 801 0$aIT$bsalbc$gISBD 912 $a990001562440203316 951 $aXVII A. 889$b5643 DLAS$cXVII A.$d00347596 959 $aBK 969 $aCAS 996 $aHoward Barker politics and desire$9937689 997 $aUNISA